Oracle : the complete reference (Record no. 62010)
[ view plain ]
| 000 -LEADER | |
|---|---|
| fixed length control field | 00710nam a22002177a 4500 |
| 003 - CONTROL NUMBER IDENTIFIER | |
| control field | NUST-PNEC |
| 005 - DATE AND TIME OF LATEST TRANSACTION | |
| control field | 20170116180737.0 |
| 008 - FIXED-LENGTH DATA ELEMENTS--GENERAL INFORMATION | |
| fixed length control field | 141127b xxu||||| |||| 00| 0 eng d |
| 020 ## - INTERNATIONAL STANDARD BOOK NUMBER | |
| International Standard Book Number | 0078820979 |
| 020 ## - INTERNATIONAL STANDARD BOOK NUMBER | |
| International Standard Book Number | 9780078820977 |
| 040 ## - CATALOGING SOURCE | |
| Transcribing agency | PNEC |
| 082 ## - DEWEY DECIMAL CLASSIFICATION NUMBER | |
| Classification number | 005.756 KOC |
| 100 ## - MAIN ENTRY--PERSONAL NAME | |
| 9 (RLIN) | 1058 |
| Personal name | Koch, George |
| 245 ## - TITLE STATEMENT | |
| Title | Oracle : the complete reference |
| Statement of responsibility, etc. | George Koch |
| 260 ## - PUBLICATION, DISTRIBUTION, ETC. | |
| Place of publication, distribution, etc. | Berkeley : |
| Name of publisher, distributor, etc. | Osborne McGraw-Hill, |
| Date of publication, distribution, etc. | c1995. |
| 300 ## - PHYSICAL DESCRIPTION | |
| Extent | xxxvi, 1066 p. : |
| Other physical details | ill. ; |
| Dimensions | 24 cm. |
| 500 ## - GENERAL NOTE | |
| General note | Includes Index |
| 650 ## - SUBJECT ADDED ENTRY--TOPICAL TERM | |
| General subdivision | Computer, MIS |
| 856 ## - ELECTRONIC LOCATION AND ACCESS | |
| Uniform Resource Identifier | <a href="http://www.amazon.com/Oracle-Complete-Reference-Ver-7-2/dp/0078820979/ref=sr_1_1?s=books&ie=UTF8&qid=1417075445&sr=1-1&keywords=0078820979">http://www.amazon.com/Oracle-Complete-Reference-Ver-7-2/dp/0078820979/ref=sr_1_1?s=books&ie=UTF8&qid=1417075445&sr=1-1&keywords=0078820979</a> |
| 942 ## - ADDED ENTRY ELEMENTS (KOHA) | |
| Source of classification or shelving scheme | |
| Koha item type | Book |
| Withdrawn status | Lost status | Source of classification or shelving scheme | Damaged status | Not for loan | Permanent Location | Current Location | Shelving location | Date acquired | Source of acquisition | Cost, normal purchase price | Total Checkouts | Full call number | Barcode | Date last seen | Cost, replacement price | Price effective from | Koha item type |
|---|---|---|---|---|---|---|---|---|---|---|---|---|---|---|---|---|---|
| Pakistan Navy Engineering College (PNEC) | Pakistan Navy Engineering College (PNEC) | 03/05/1998 | Library / Reference Grant | 1827.53 | 005.756 KOC | PNECLIB-019823 | 11/27/2014 | 1827.53 | 03/05/1998 | Book |
